[Event "SR 3. liga A2 2017/2018"]
[Site "?"]
[Date "2018.01.21"]
[Round "8.3"]
[White "Matis, Tibor"]
[Black "Janas, Peter"]
[Result "0-1"]
[WhiteElo "1891"]
[BlackElo "1765"]
[PlyCount "120"]
[EventDate "2017.??.??"]

1. e4 d5 2. exd5 Qxd5 3. Nc3 Qa5 4. d4 Nf6 5. Nf3 Bf5 6. Bd2 c6 7. Bc4 e6 8.
Ne5 Qc7 9. Bf4 Bd6 10. f3 Nd5 11. Bxd5 exd5 12. Qd2 f6 13. Nd3 O-O 14. O-O-O
Nd7 15. g4 Bxd3 16. Bxd6 Qxd6 17. Qxd3 Qf4+ 18. Kb1 Rfe8 19. Rde1 Nf8 20. h4
Ne6 21. Ne2 Qd6 22. Qf5 Re7 23. g5 fxg5 24. hxg5 g6 25. Qg4 Rae8 26. Reg1 Rf7
27. Rh6 Qe7 28. a3 Nxg5 29. Nf4 Ne6 30. Nd3 Nf8 31. Ne5 Rg7 32. f4 Nd7 33. Re1
Nf6 34. Qh3 Qe6 35. Qh4 Qf5 36. Rg1 Nh5 37. Nd3 Re4 38. Qd8+ Qf8 39. Qxf8+ Kxf8
40. f5 Nf4 41. f6 Rc7 42. Nc5 Rxd4 43. Rh4 Kg8 44. Rxf4 Rxf4 45. Ne6 Rxf6 46.
Nxc7 Kf7 47. Re1 h5 48. Kc1 h4 49. Kd2 g5 50. Re5 g4 51. Rh5 h3 52. Ke2 Ke7 53.
b4 Rf7 54. b5 Kd7 55. bxc6+ Kxc7 56. cxb7 Kxb7 57. Rh4 Rf4 58. Ke3 Rc4 59. Kd3
Kc6 60. c3 Kc5 0-1

[Event "SR 3. liga A2 2017/2018"]
[Site "?"]
[Date "2018.01.21"]
[Round "8.3"]
[White "Tupy, Bystrik"]
[Black "Bugar, Peter"]
[Result "0-1"]
[WhiteElo "1699"]
[BlackElo "1891"]
[PlyCount "96"]
[EventDate "2017.??.??"]

1. e4 e6 2. d4 d5 3. exd5 exd5 4. Nf3 Nf6 5. Nc3 c6 6. Bd3 Bd6 7. Bg5 O-O 8.
O-O Bg4 9. h3 Bxf3 10. Qxf3 Nbd7 11. Ne2 Re8 12. Ng3 Qc7 13. Nh5 Ne4 14. Be3
Re6 15. Bf4 Rae8 16. Bxe4 dxe4 17. Qg3 Rg6 18. Bxd6 Qxd6 19. Qxd6 Rxd6 20. c3
f5 21. Rfe1 Kf7 22. Re3 g6 23. Ng3 c5 24. Ne2 c4 25. g3 Nb6 26. b3 Nd5 27. bxc4
Nxe3 28. fxe3 Rc6 29. c5 b6 30. cxb6 Rxb6 31. c4 Reb8 32. h4 Rb2 33. Nf4 h6 34.
c5 g5 35. hxg5 hxg5 36. Nd5 Rc2 37. a3 Rbb2 38. Nb4 Rg2+ 39. Kh1 Rh2+ 40. Kg1
Rbg2+ 41. Kf1 Rxg3 42. Ra2 Rxa2 43. Nxa2 Rxe3 44. d5 a5 45. c6 Ke7 46. c7 Kd7
47. d6 Rxa3 48. Nc1 Ra1 0-1

[Event "SR 3. liga A2 2017/2018"]
[Site "?"]
[Date "2018.01.21"]
[Round "8.3"]
[White "Mezes, Kristof"]
[Black "Jancicka, Viliam"]
[Result "0-1"]
[WhiteElo "1493"]
[BlackElo "1644"]
[PlyCount "48"]
[EventDate "2017.??.??"]

1. d4 d5 2. c4 Nf6 3. Nc3 c6 4. Nf3 Nbd7 5. e3 e6 6. cxd5 exd5 7. Bd3 Bb4 8.
O-O O-O 9. a3 Ba5 10. b4 Bc7 11. Bd2 Re8 12. Qc2 g6 13. Rfe1 Nf8 14. e4 dxe4
15. Nxe4 Nxe4 16. Bxe4 Ne6 17. Be3 Bf4 18. Bxf4 Nxf4 19. Rad1 Bg4 20. Qd2 Qf6
21. Rc1 Rad8 22. Ne5 Qxe5 23. Bxc6 Ne2+ 24. Kh1 bxc6 0-1

[Event "SR 3. liga A2 2017/2018"]
[Site "?"]
[Date "2018.01.21"]
[Round "8.3"]
[White "Bojnansky, Juraj"]
[Black "Minarik, Jozef"]
[Result "1-0"]
[WhiteElo "1602"]
[BlackElo "1396"]
[PlyCount "35"]
[EventDate "2017.??.??"]

1. d4 Nf6 2. c4 e6 3. Nf3 Bb4+ 4. Nbd2 O-O 5. a3 Bxd2+ 6. Bxd2 d5 7. e3 Nbd7 8.
Bd3 b6 9. cxd5 Nxd5 10. e4 Ne7 11. O-O c5 12. Bc3 Nc6 13. d5 exd5 14. exd5 Ne7
15. Bxh7+ Kh8 16. Ng5 Nf5 17. Qh5 Nh6 18. Qxh6 1-0

[Event "SR 3. liga A2 2017/2018"]
[Site "?"]
[Date "2018.01.21"]
[Round "8.4"]
[White "Lanc, Alois"]
[Black "Kalmar, Tamas"]
[Result "1/2-1/2"]
[WhiteElo "2294"]
[BlackElo "2093"]
[PlyCount "83"]
[EventDate "2017.??.??"]

1. e4 e6 2. d4 d5 3. Nc3 dxe4 4. Nxe4 Bd7 5. Nf3 Bc6 6. Bd3 Nd7 7. O-O Ngf6 8.
Qe2 Nxe4 9. Bxe4 Bxe4 10. Qxe4 c6 11. c4 Be7 12. b3 O-O 13. Re1 Qc7 14. Bf4 Qa5
15. a3 Nf6 16. Qc2 a6 17. h3 Rfe8 18. Be5 Nd7 19. Bg3 Nf6 20. b4 Qd8 21. Qb3 h6
22. a4 Bd6 23. Be5 Qc7 24. Rab1 Rec8 25. Bxf6 gxf6 26. d5 exd5 27. cxd5 Re8 28.
Red1 Re4 29. Qc3 Be5 30. Qd2 Kg7 31. d6 Qd7 32. Nxe5 Rxe5 33. Qf4 Rd8 34. Rb3
Qf5 35. Rg3+ Kh7 36. Qxf5+ Rxf5 37. Rc3 Rd7 38. Rc5 Re5 39. Rc4 Kg7 40. f4 Re6
41. Rcd4 f5 42. Kf2 1/2-1/2

[Event "SR 3. liga A2 2017/2018"]
[Site "?"]
[Date "2018.01.21"]
[Round "8.4"]
[White "Veselsky, Jozef"]
[Black "Kavon, Rastislav"]
[Result "1-0"]
[WhiteElo "2115"]
[BlackElo "2202"]
[PlyCount "99"]
[EventDate "2017.??.??"]

1. d4 Nf6 2. Nf3 g6 3. c4 Bg7 4. Nc3 O-O 5. e4 d6 6. Be2 e5 7. dxe5 dxe5 8.
Qxd8 Rxd8 9. Bg5 Re8 10. Nd5 Nxd5 11. cxd5 c6 12. Bc4 b5 13. Bb3 Bb7 14. Rc1 h6
15. Be3 Rc8 16. O-O Nd7 17. dxc6 Bxc6 18. Rfd1 Nb6 19. Nd2 Rc7 20. f3 Rac8 21.
Nb1 Bf8 22. Nc3 b4 23. Nd5 Bxd5 24. exd5 Rxc1 25. Rxc1 Rxc1+ 26. Bxc1 Bc5+ 27.
Kf1 h5 28. Ke2 Kf8 29. Be3 Bxe3 30. Kxe3 Nc8 31. f4 exf4+ 32. Kxf4 Ke7 33. Ke5
g5 34. g3 f6+ 35. Kf5 Nd6+ 36. Kg6 h4 37. gxh4 gxh4 38. Kh5 f5 39. Kxh4 Kf6 40.
Kg3 Ke5 41. h4 Ne8 42. h5 Nf6 43. h6 a5 44. Kf3 Nh7 45. Ke3 Ng5 46. Bc2 f4+ 47.
Ke2 Kxd5 48. h7 Nxh7 49. Bxh7 Kd4 50. Bc2 1-0

[Event "SR 3. liga A2 2017/2018"]
[Site "?"]
[Date "2018.01.21"]
[Round "8.4"]
[White "Bango, Lukas"]
[Black "Merva, Frantisek"]
[Result "0-1"]
[WhiteElo "2144"]
[BlackElo "2077"]
[PlyCount "100"]
[EventDate "2017.??.??"]

1. d4 d5 2. Nc3 Nf6 3. Bg5 c6 4. Nf3 Bf5 5. e3 Nbd7 6. Bd3 e6 7. Bxf5 exf5 8.
Qd3 g6 9. Ne5 Qc7 $11 10. Nxd7 Nxd7 11. h4 Bb4 12. O-O-O Qa5 13. Kb1 Bxc3 14.
Qxc3 Qxc3 15. bxc3 f6 16. Bf4 Nb6 17. f3 Nc4 18. Rhe1 Kf7 19. e4 fxe4 20. fxe4
dxe4 21. Rxe4 Rhe8 22. Rde1 Rxe4 23. Rxe4 Re8 24. Rxe8 Kxe8 25. Kc1 Kd7 26. Kd1
Ke6 27. Ke2 Kd5 28. Bc1 Ke4 29. g3 b5 30. a3 Nb6 31. Bd2 Nd5 32. Be1 f5 33. Bd2
f4 34. gxf4 Nxf4+ 35. Kf2 Nd5 36. Ke2 Ne7 37. Kf2 Nf5 38. Bg5 a6 39. Ke2 h6 40.
Bd2 Nxh4 41. Bxh6 Nf3 42. Bf8 g5 43. Be7 g4 44. Kf2 Nd2 45. Bb4 Nc4 46. Kg3 Kf5
47. Kf2 Kf4 48. Bf8 g3+ 49. Ke2 Kg4 50. Bh6 Nxa3 0-1

[Event "SR 3. liga A2 2017/2018"]
[Site "?"]
[Date "2018.01.21"]
[Round "8.4"]
[White "Csuri, Szilveszter"]
[Black "Kozinka, Roman"]
[Result "1/2-1/2"]
[WhiteElo "1957"]
[BlackElo "1999"]
[PlyCount "60"]
[EventDate "2017.??.??"]

1. e4 c5 2. Nf3 d6 3. d4 cxd4 4. Nxd4 Nf6 5. Nc3 a6 6. Be2 e6 7. Be3 Be7 8. Qd2
Qc7 9. f4 Nc6 10. Nb3 b5 11. a3 Bb7 12. Bf3 Rc8 13. O-O O-O 14. Qf2 Nd7 15. g4
Na5 16. Nxa5 Qxa5 17. Rfc1 Rc4 $11 18. Be2 Rfc8 19. Bxc4 Rxc4 20. Bd2 Qc7 21.
Re1 Nf6 22. h3 Nxe4 23. Nxe4 Rxe4 24. Rxe4 Bxe4 25. c3 h5 26. gxh5 Qc4 27. Be3
Bc6 28. Kh2 Qe4 29. Rg1 Bf6 30. Bd2 Kh7 1/2-1/2

[Event "SR 3. liga A2 2017/2018"]
[Site "?"]
[Date "2018.01.21"]
[Round "8.4"]
[White "Lopatievov, Alexander"]
[Black "Vegh, Vince"]
[Result "0-1"]
[WhiteElo "1847"]
[BlackElo "1914"]
[PlyCount "152"]
[EventDate "2017.??.??"]

1. e4 c5 2. c3 d5 3. exd5 Qxd5 4. d4 e6 5. Nf3 Nf6 6. Be2 Be7 7. O-O O-O 8. h3
b6 9. Ne5 Bb7 10. Bf3 Ne4 11. Re1 f5 12. Nd2 cxd4 13. Nxe4 Qxe5 14. cxd4 Qc7
15. Nc3 Bxf3 16. Qxf3 Nc6 17. d5 Nb4 18. Rxe6 Nc2 19. Bf4 Qc5 20. Be3 Qb4 21.
Rc1 Nxe3 22. Qxe3 Bc5 23. Qe2 Rad8 24. a3 Qb3 25. Qc2 Qc4 26. Qe2 Qb3 27. Rd1
Bxa3 28. d6 Qxb2 29. Qe5 Bb4 30. Rd3 Bxc3 31. Rxc3 Qb1+ 32. Kh2 Qe4 33. Re3
Qxe5+ 34. R3xe5 Rd7 35. Kg3 Rfd8 36. Re7 Rxe7 37. Rxe7 Rxd6 38. Rxa7 h6 39. Kf4
Rf6 40. g3 Kh7 41. f3 Kg6 42. Rb7 Re6 43. Rd7 Kf6 44. g4 g5+ 45. Kg3 f4+ 46.
Kf2 Ke5 47. Ke2 b5 48. Rb7 Kd4+ 49. Kd2 Kc5 50. Rc7+ Rc6 51. Re7 b4 52. Re2
Rd6+ 53. Kc2 Kc4 54. Re4+ Rd4 55. Re6 b3+ 56. Kc1 Kc3 57. Rc6+ Kd3 58. Re6 Rd5
59. Kb2 Kc4 60. Rc6+ Kd4 61. Kxb3 Ke3 62. h4 gxh4 63. Rxh6 Kxf3 64. Kc4 Rg5 65.
Rxh4 Rxg4 66. Rh8 Kg2 67. Rf8 f3+ 68. Kd3 f2 69. Ke2 Re4+ 70. Kd3 Re5 71. Rg8+
Kf3 72. Rf8+ Kg3 73. Rg8+ Kf3 74. Rf8+ Kg2 75. Rg8+ Kf1 76. Rg7 Ke1 0-1

[Event "SR 3. liga A2 2017/2018"]
[Site "?"]
[Date "2018.01.21"]
[Round "8.4"]
[White "Csefalvay, Stefan"]
[Black "Slaba, Andrea"]
[Result "1/2-1/2"]
[WhiteElo "1794"]
[BlackElo "1922"]
[PlyCount "91"]
[EventDate "2017.??.??"]

1. d4 Nf6 2. Nf3 g6 3. b3 Bg7 4. Bb2 O-O 5. g3 d5 6. Bg2 Ne4 7. c4 e6 8. O-O c5
9. e3 Nc6 10. Nc3 Nxc3 11. Bxc3 b6 12. Rc1 Ba6 13. Re1 dxc4 14. Bf1 cxd4 15.
exd4 b5 16. bxc4 bxc4 17. Qa4 Bb7 18. Qxc4 Na5 19. Bxa5 Qxa5 20. Qe2 Bd5 21.
Bg2 Rac8 22. Ne5 Bxe5 23. Rxc8 Rxc8 24. Bxd5 Qxd5 25. dxe5 Rd8 26. a4 Qd4 27.
Qe4 Qc3 28. Re3 $11 Rd1+ 29. Kg2 Qc5 30. Qf3 Rd7 31. Qa8+ Kg7 32. Qf3 Qd5 33.
Qxd5 Rxd5 34. Kf3 f6 35. exf6+ Kxf6 36. h4 h5 37. Ra3 e5 38. Ke3 Rd4 39. f3 Rb4
40. Kd3 g5 41. hxg5+ Kxg5 42. a5 h4 43. gxh4+ Kxh4 44. a6 Kg3 45. Ke3 Rf4 46.
Ra5 1/2-1/2

[Event "SR 3. liga A2 2017/2018"]
[Site "?"]
[Date "2018.01.21"]
[Round "8.4"]
[White "Bango, Dominik"]
[Black "Meszaros, Lorant"]
[Result "0-1"]
[WhiteElo "1828"]
[BlackElo "1959"]
[PlyCount "138"]
[EventDate "2017.??.??"]

1. e4 e5 2. Nf3 Nc6 3. Bb5 a6 4. Ba4 Nf6 5. O-O Be7 6. Re1 b5 7. Bb3 d6 8. c3
O-O 9. h3 Nd7 10. d4 Bf6 11. Be3 Na5 12. Bc2 Nc4 13. b3 Nxe3 14. fxe3 Bb7 15.
Nbd2 g6 16. Rf1 Bg7 17. Qe2 c5 18. d5 Qa5 19. c4 b4 20. Nh2 Nf6 21. Ng4 Nxg4
22. Qxg4 Qd8 23. Rf3 Bc8 24. Qg3 Bf6 25. Raf1 Bh4 26. Qh2 Ra7 27. g3 Bg5 28.
R1f2 Bh6 29. Nf1 Qd7 30. g4 Qe7 31. Ng3 Qh4 32. Qg2 Kh8 33. Qf1 Bg5 34. Kg2 f6
35. Qh1 Qh6 36. Qe1 Bh4 37. Rf1 Qg5 38. Kh2 Rg7 39. Qf2 h5 40. gxh5 gxh5 41.
Qg1 Rfg8 42. Ne2 Qh6 43. Qh1 Rg6 44. Rg1 Rxg1 45. Nxg1 Bg5 46. Ne2 Bxe3 47. Qf1
Bg5 48. Rg3 Bh4 49. Rxg8+ Kxg8 50. Qg2+ Kf7 51. Ng1 Qf4+ 52. Kh1 Qf2 53. Bd1
Qxg2+ 54. Kxg2 Kg6 55. Nf3 Bg5 56. h4 Bf4 57. Ng1 f5 58. Nh3 fxe4 59. Bc2 Bf5
60. Nf2 e3 61. Ne4 Kg7 62. Kf3 Bg4+ 63. Kg2 Kf8 64. Bd3 Ke7 65. Kf1 Bf3 66. Ke1
Bh6 67. Kf1 Bg7 68. Ke1 Bf6 69. Kf1 Bxh4 0-1

[Event "SR 3. liga A2 2017/2018"]
[Site "?"]
[Date "2018.01.21"]
[Round "8.4"]
[White "Sarkozi, Szabolcs"]
[Black "Rau, Vladimir"]
[Result "1-0"]
[WhiteElo "1712"]
[BlackElo "1692"]
[PlyCount "69"]
[EventDate "2017.??.??"]

1. d4 d5 2. Nf3 Nf6 3. c4 e6 4. Nc3 Be7 5. g3 b6 6. Bg2 O-O 7. O-O Bb7 8. cxd5
exd5 9. a3 Nc6 10. Nh4 Re8 11. Nf5 Rb8 12. Ne3 Na5 13. b4 Nc4 14. Nxc4 dxc4 15.
e4 Bf8 16. Re1 a6 17. f4 c5 18. bxc5 bxc5 19. d5 Qa5 20. Bd2 Ba8 21. e5 Nd7 22.
d6 Bxg2 23. Kxg2 Rb2 24. Kg1 Reb8 25. Rb1 Qxa3 26. Rxb2 Qxb2 27. Qc1 Qb7 28.
Qb1 Qf3 29. Qe4 Qg4 30. f5 Qxe4 31. Rxe4 Rb2 32. Bf4 Nb6 33. e6 fxe6 34. fxe6
Nc8 35. d7 1-0

[Event "SR 3. liga A2 2017/2018"]
[Site "?"]
[Date "2018.01.21"]
[Round "8.5"]
[White "Blazek, Milos"]
[Black "Banas, Jan"]
[Result "0-1"]
[WhiteElo "1987"]
[BlackElo "2208"]
[PlyCount "66"]
[EventDate "2017.??.??"]

1. e4 c5 2. Nf3 Nc6 3. d4 cxd4 4. Nxd4 Qb6 5. Nb3 Nf6 6. Nc3 e6 7. Be3 Qc7 8.
Bd3 d6 9. O-O a6 10. a4 b6 11. f4 Bb7 12. Qe2 Be7 13. Qf2 Bd8 14. Qg3 O-O 15.
Rad1 Nb4 16. e5 dxe5 17. fxe5 Nxd3 18. cxd3 Nd5 19. Nxd5 Bxd5 20. Nd4 f5 21.
Rc1 Qd7 22. b3 Be7 23. Ne2 Rab8 24. Rb1 Rfc8 25. Rfc1 $11 Rxc1+ 26. Bxc1 Qc7
27. Bh6 Bf8 28. Rc1 Qd7 29. d4 Rc8 30. Bd2 Rxc1+ 31. Bxc1 Qc6 32. Bg5 Qc2 33.
Nc1 Qd1+ 0-1

[Event "SR 3. liga A2 2017/2018"]
[Site "?"]
[Date "2018.01.21"]
[Round "8.5"]
[White "Kovacocy, Pavol"]
[Black "Blatnicky, Miroslav"]
[Result "1-0"]
[WhiteElo "2250"]
[BlackElo "2100"]
[PlyCount "95"]
[EventDate "2017.??.??"]

1. e4 e6 2. d4 d5 3. Nc3 Nf6 4. Bg5 dxe4 5. Nxe4 Be7 6. Bxf6 Bxf6 7. Nf3 O-O 8.
Nxf6+ Qxf6 9. Bd3 Nc6 10. O-O e5 11. dxe5 Nxe5 12. Nxe5 Qxe5 13. c3 Be6 14. Qc2
h6 15. Be4 c6 16. Rfe1 Qg5 17. Re3 Rad8 18. Rae1 Rd6 19. c4 Rfd8 20. Qc3 Rd4
21. b3 Rd1 22. Kf1 Rxe1+ 23. Rxe1 Qd2 24. Qxd2 Rxd2 25. Re2 Rd1+ 26. Re1 Rd4
27. Bc2 Kf8 28. Ke2 b5 29. Ke3 Rh4 30. cxb5 cxb5 31. h3 Rh5 32. Be4 Rc5 33. Kd4
Rc7 34. Re2 a5 35. Rc2 Rd7+ 36. Kc5 a4 37. b4 Bc4 38. Bc6 Rc7 39. Kb6 Rc8 40.
Bxb5 Rb8+ 41. Ka7 Rxb5 42. Rxc4 Rg5 43. g4 h5 44. Rc5 Rg6 45. Rxh5 Re6 46. b5
Re2 47. b6 Rxa2 48. b7 1-0

[Event "SR 3. liga A2 2017/2018"]
[Site "?"]
[Date "2018.01.21"]
[Round "8.5"]
[White "Mikudik, Ivan"]
[Black "Sarmir, Milos"]
[Result "0-1"]
[WhiteElo "1875"]
[BlackElo "2076"]
[PlyCount "48"]
[EventDate "2017.??.??"]

1. d4 Nf6 2. c4 c6 3. Nc3 d5 4. Nf3 e6 5. Bg5 Be7 6. e3 Nbd7 7. a3 h6 8. Bh4
O-O 9. Qc2 b6 10. cxd5 cxd5 11. Bd3 Bb7 12. O-O Rc8 13. Rac1 Ne4 14. Bxe7 Qxe7
15. Qe2 Nxc3 16. bxc3 Qxa3 17. Ra1 Qxc3 18. Rxa7 Rb8 19. h3 Rfc8 20. Ba6 Bxa6
21. Qxa6 Rc7 22. Rb1 Qc6 23. Ne1 Rxa7 24. Qxa7 Ra8 0-1

[Event "SR 3. liga A2 2017/2018"]
[Site "?"]
[Date "2018.01.21"]
[Round "8.5"]
[White "Vagovsky, Jozef"]
[Black "Miciak, Emanuel"]
[Result "0-1"]
[WhiteElo "1800"]
[BlackElo "1900"]
[PlyCount "86"]
[EventDate "2017.??.??"]

1. d4 Nf6 2. Nf3 d5 3. c4 e6 4. Nc3 c6 5. e3 Nbd7 6. cxd5 exd5 7. Bd3 Bd6 8.
Qc2 O-O 9. O-O Re8 10. Rb1 Qe7 11. a3 Ne4 12. b4 a6 13. Na4 h6 14. Bb2 Rb8 15.
Kh1 Nf8 16. Bxe4 dxe4 17. Ne5 f6 18. Nc4 Bc7 19. Nd2 Bg4 20. Nc3 Qd6 21. g3 f5
22. Kg2 Qg6 23. h3 Bh5 24. Rbe1 Ne6 25. d5 Ng5 26. Ne2 Bxe2 27. Rxe2 Qh5 28. h4
Qxe2 29. hxg5 hxg5 30. dxc6 Qd3 31. Qxd3 exd3 32. cxb7 Rxb7 33. Nc4 a5 34. Bc3
axb4 35. Bxb4 Rc8 36. Rd1 Bb8 37. Na5 Rd7 38. Nb3 Ba7 39. Nc1 Rc2 40. Rxd3 Rxd3
41. Nxd3 Bxe3 42. Kf1 Bd4 43. Ke1 Bc3+ 0-1

[Event "SR 3. liga A2 2017/2018"]
[Site "?"]
[Date "2018.01.21"]
[Round "8.5"]
[White "Bjel, Jan"]
[Black "Bohunicky, Ivan"]
[Result "1/2-1/2"]
[WhiteElo "1821"]
[BlackElo "1931"]
[PlyCount "105"]
[EventDate "2017.??.??"]

1. e4 d5 2. exd5 Nf6 3. Nc3 Nxd5 4. Nxd5 Qxd5 5. c4 Qa5 6. Be2 g6 7. Nf3 Bg7 8.
O-O c5 9. d4 cxd4 10. Nxd4 O-O 11. Nb3 Qc7 12. Bd3 Nc6 13. Qe2 Be6 14. Be3 Nb4
15. Nc5 Bc8 16. Bb1 Qe5 17. Na4 Be6 18. Nc3 Rac8 19. c5 Nd5 20. Na4 Bd7 21. Bc2
Bh6 22. Rfe1 Bxe3 23. fxe3 Bxa4 24. Bxa4 Rxc5 25. Rad1 Nf6 26. Rd4 Kg7 27. b4
Rc3 28. Bb3 b5 29. Qf3 Rfc8 30. Re2 Qxd4 31. exd4 Rxf3 32. gxf3 e6 33. Re5 a6
34. Kf2 Nd7 35. Re1 Kf6 36. h4 Ke7 37. d5 e5 38. d6+ Kxd6 39. Bxf7 Rc2+ 40. Kg3
Rd2 41. Rc1 Nb6 42. Rc5 Rd4 43. Be8 Nd7 44. Bxd7 Kxd7 45. a3 Rd3 46. a4 bxa4
47. Rxe5 a3 $11 48. Ra5 Rd6 49. Rxa3 Rb6 50. Ra4 Kc6 51. Ra5 Kb7 52. Ra4 Rc6
53. Ra5 1/2-1/2

[Event "SR 3. liga A2 2017/2018"]
[Site "?"]
[Date "2018.01.21"]
[Round "8.5"]
[White "Vlkovic, Pavol"]
[Black "Smrek, Peter"]
[Result "1-0"]
[WhiteElo "1771"]
[BlackElo "1720"]
[PlyCount "35"]
[EventDate "2017.??.??"]

1. e4 c5 2. Nf3 Nc6 3. c3 d5 4. exd5 Qxd5 5. d4 cxd4 6. cxd4 Bg4 7. Nc3 Qd7 8.
d5 Bxf3 9. gxf3 O-O-O 10. dxc6 Qxc6 11. Qe2 Kb8 12. Bg2 Nf6 13. O-O e6 14. Bf4+
Ka8 15. Rac1 h6 16. Ne4 Qa4 17. b3 Qb4 18. Rc4 1-0

[Event "SR 3. liga A2 2017/2018"]
[Site "?"]
[Date "2018.01.21"]
[Round "8.5"]
[White "Jancovicova, Petra"]
[Black "Hornak, Pavol"]
[Result "0-1"]
[WhiteElo "1722"]
[BlackElo "1752"]
[PlyCount "84"]
[EventDate "2017.??.??"]

1. e4 c5 2. Nf3 e6 3. d4 cxd4 4. Nxd4 a6 5. Be2 Nc6 6. O-O Nf6 7. Nc3 Qc7 8.
Be3 Be7 9. a3 O-O 10. Qd2 b5 11. f4 d6 12. Bf3 Bb7 13. Qf2 Na5 14. Nxe6 fxe6
15. Bb6 Qc4 16. Bxa5 Nxe4 17. Bxe4 Bxe4 18. Nxe4 Qxe4 19. Rae1 Qf5 20. Qd2 Rac8
21. Bc3 Rc4 22. g3 Rfc8 23. Qd3 Kf7 24. Qxf5+ exf5 25. Re2 Re4 26. Rfe1 d5 27.
Kf2 Bxa3 28. Be5 Bc5+ 29. Kf3 g6 30. h3 Ke6 31. c3 Bb6 32. h4 h5 33. Rd1 Rxe2
34. Kxe2 Rc4 35. Bd4 Bxd4 36. Rxd4 Rxd4 37. cxd4 b4 38. Kd3 Kd6 39. Kc2 Kc6 40.
b3 Kb5 41. Kd3 a5 42. Kc2 a4 0-1

[Event "SR 3. liga A2 2017/2018"]
[Site "?"]
[Date "2018.01.21"]
[Round "8.5"]
[White "Kavuljak, Alojz"]
[Black "Podjavorinsky, Peter"]
[Result "0-1"]
[WhiteElo "1695"]
[BlackElo "1675"]
[PlyCount "44"]
[EventDate "2017.??.??"]

1. e4 e6 2. Nf3 d5 3. Nc3 c5 4. exd5 exd5 5. Bb5+ Nc6 6. d4 c4 7. Bxc6+ bxc6 8.
a3 Bg4 9. h3 Bxf3 10. Qxf3 Nf6 11. O-O Be7 12. Ne2 O-O 13. Ng3 Re8 14. Re1 Rb8
15. Rb1 Qa5 16. Bf4 Rxb2 17. Bc7 Qb5 18. a4 Qb7 19. Rxb2 Qxb2 20. Nf5 Bb4 21.
Rxe8+ Nxe8 22. Qe2 Nxc7 0-1

[Event "SR 3. liga A2 2017/2018"]
[Site "?"]
[Date "2018.01.21"]
[Round "8.6"]
[White "Gasa, Andrej"]
[Black "Sefcik, Marek"]
[Result "1-0"]
[WhiteElo "2268"]
[BlackElo "2008"]
[PlyCount "117"]
[EventDate "2017.??.??"]

1. e4 c5 2. Nf3 e6 3. d4 cxd4 4. Nxd4 Bc5 5. Nb3 Bb6 6. c4 Ne7 7. Nc3 O-O 8.
Be2 Nbc6 9. Bf4 f5 10. Bd6 fxe4 11. Nxe4 Bc7 12. O-O Bxd6 13. Nxd6 Nf5 14. Qd2
Nxd6 15. Qxd6 Qe7 16. Rad1 Rf7 17. Rd2 Qxd6 18. Rxd6 Rb8 19. Rfd1 b6 20. g3 g5
21. Bh5 Re7 22. Nd2 Ne5 23. Re1 Nf7 24. Bxf7+ Rxf7 25. Re5 h6 26. c5 bxc5 27.
Rxc5 Rf8 28. b3 Kf7 29. Rd4 Ke7 30. h4 Rf5 31. Rc7 a6 32. Nc4 Rd5 33. Rxd5 exd5
34. Ne3 Kd6 35. Rc2 gxh4 36. Nf5+ Ke5 37. Nxh4 Bb7 38. Kf1 Bc6 39. Ke2 Rg8 40.
Nf3+ Ke4 41. Nd2+ Kd4 42. Nf3+ Ke4 43. a4 Rf8 44. Rc3 Rf6 45. Re3+ Kf5 46. Nd4+
Kg6 47. Re7 Rf7 48. Rxf7 Kxf7 49. a5 Kf6 50. Ke3 Bb7 51. Kf4 h5 52. b4 Bc6 53.
Ke3 Ke5 54. f4+ Kf6 55. Kf3 Bb7 56. Kg2 d6 57. Kh3 Bc8+ 58. Kh4 Bg4 59. b5 1-0

[Event "SR 3. liga A2 2017/2018"]
[Site "?"]
[Date "2018.01.21"]
[Round "8.6"]
[White "Jakubec, Milan"]
[Black "Sebesta, Radovan"]
[Result "1/2-1/2"]
[WhiteElo "1998"]
[BlackElo "2002"]
[PlyCount "38"]
[EventDate "2017.??.??"]

1. e4 c5 2. Nf3 Nc6 3. d4 cxd4 4. Nxd4 g6 5. c4 Bg7 6. Be3 Nf6 7. Nxc6 bxc6 8.
Nc3 d6 9. Be2 O-O 10. O-O Qc7 11. Rc1 Rb8 12. b3 Rd8 13. f3 Be6 14. Qd2 Qa5 15.
Rfd1 Nd7 16. Na4 Qxd2 17. Rxd2 Nb6 18. Nxb6 axb6 19. a4 Rdc8 1/2-1/2

[Event "SR 3. liga A2 2017/2018"]
[Site "?"]
[Date "2018.01.21"]
[Round "8.6"]
[White "Palka, Miroslav"]
[Black "Hirmajer, Jan"]
[Result "1/2-1/2"]
[WhiteElo "1934"]
[BlackElo "1932"]
[PlyCount "106"]
[EventDate "2017.??.??"]

1. d4 c5 2. Nf3 cxd4 3. Nxd4 Nf6 4. g3 g6 5. Bg2 Bg7 6. O-O O-O 7. e4 Nc6 8. c3
Qb6 9. Nb3 d6 10. Be3 Qc7 11. Na3 Ng4 12. Nb5 Qd8 13. Bd2 Qb6 14. Na3 Be6 15.
h3 Nge5 16. Be3 Qa6 17. Qd2 Nc4 18. Nxc4 Bxc4 19. Rfd1 Rfe8 20. Nd4 Nxd4 21.
cxd4 e6 22. b3 Bb5 23. a4 Bd7 24. Rac1 Rec8 25. Bf1 b5 26. d5 exd5 27. Qxd5 Be6
28. Qd3 Rxc1 29. Rxc1 Qb7 30. axb5 Qd7 31. Kh2 d5 32. exd5 Qxd5 33. Qxd5 Bxd5
34. Bg2 Bxg2 35. Kxg2 Be5 36. Rc5 Bd6 37. Rd5 Bc7 38. Rd7 Bb6 39. Bxb6 axb6 40.
Rb7 Ra3 41. Rxb6 Rxb3 42. Rb8+ Kg7 43. b6 h5 44. b7 Rb1 45. Kf3 Rb4 46. Ke3
Rb3+ 47. Kf4 Rb4+ 48. Ke5 Rb1 49. f4 Re1+ 50. Kd4 Rd1+ 51. Kc3 Rb1 52. Kc2 Rb5
53. Kd3 Rb3+ 1/2-1/2

[Event "SR 3. liga A2 2017/2018"]
[Site "?"]
[Date "2018.01.21"]
[Round "8.6"]
[White "Horak, Ivan"]
[Black "Palka, Martin"]
[Result "1-0"]
[WhiteElo "2018"]
[BlackElo "1860"]
[PlyCount "57"]
[EventDate "2017.??.??"]

1. e4 c5 2. Nc3 Nc6 3. f4 g6 4. Nf3 Bg7 5. Bb5 a6 6. Bxc6 dxc6 7. d3 Qc7 8. O-O
Nf6 9. Qe1 O-O 10. Rb1 b6 11. Qh4 a5 12. a3 Ba6 13. b3 Nh5 14. e5 f5 15. Be3
Rad8 16. Rbd1 Bc8 17. h3 Bh8 18. Ng5 h6 19. Nf3 Be6 20. g4 fxg4 21. hxg4 Nxf4
22. Qxh6 Bg7 23. Qh4 Bxe5 24. Ng5 Rf6 25. Nce4 Ne2+ 26. Kg2 Bd5 27. Qh7+ Kf8
28. Qh8+ Bg8 29. Ne6+ 1-0

[Event "SR 3. liga A2 2017/2018"]
[Site "?"]
[Date "2018.01.21"]
[Round "8.6"]
[White "Skapikova, Lubica"]
[Black "Chabada, Tomas"]
[Result "1-0"]
[WhiteElo "1888"]
[BlackElo "1980"]
[PlyCount "61"]
[EventDate "2017.??.??"]

1. e4 e5 2. Nf3 Nc6 3. Bb5 a6 4. Ba4 Nf6 5. O-O Be7 6. d3 b5 7. Bb3 d6 8. c3
O-O 9. Nbd2 Na5 10. Bc2 c5 11. Re1 Re8 12. Nf1 Bf8 13. Bg5 h6 14. Bd2 Bb7 15.
Ng3 g6 16. h3 Bg7 17. Nh2 Nc6 18. f4 d5 19. f5 dxe4 20. dxe4 Ne7 21. Qe2 Qc7
22. Ng4 Kh7 23. Bxh6 Bxh6 24. Nxf6+ Kg7 25. Nxe8+ Rxe8 26. Qg4 Kh7 27. Rad1 Bc8
28. Qh4 Rg8 29. Rf1 gxf5 30. exf5 f6 31. Nh5 1-0

[Event "SR 3. liga A2 2017/2018"]
[Site "?"]
[Date "2018.01.21"]
[Round "8.6"]
[White "Kahanek, Jaroslav"]
[Black "Lanik, Miroslav"]
[Result "0-1"]
[WhiteElo "1861"]
[BlackElo "1827"]
[PlyCount "100"]
[EventDate "2017.??.??"]

1. d4 d5 2. Nc3 Nf6 3. h3 e6 4. a3 Be7 5. Nf3 O-O 6. e3 Nbd7 7. b4 c6 8. Bd3 b6
9. e4 dxe4 10. Nxe4 Bb7 11. c3 Nxe4 12. Bxe4 Nf6 13. Qe2 Nxe4 14. Qxe4 Qd5 15.
Qg4 Ba6 16. Nd2 Bf6 17. Qf3 Qxf3 18. Nxf3 c5 19. Be3 Rfc8 20. Kd2 cxd4 21. cxd4
Rc4 22. Rac1 Rac8 23. Rxc4 Rxc4 24. Rc1 Rxc1 25. Kxc1 Bf1 26. Ne1 Kf8 27. Kd2
Ke8 28. Kc3 Kd7 29. g4 Bxh3 30. g5 Bd8 31. Nd3 f6 32. Nf4 Bg4 33. Nd3 Bf5 34.
gxf6 Bxf6 35. b5 h5 36. f4 Bxd3 37. Kxd3 Kd6 38. Ke4 h4 39. Bg1 h3 40. Bh2 Kd7
41. a4 Kc8 42. Bg1 Kb7 43. f5 exf5+ 44. Kxf5 Bxd4 45. Bh2 a5 46. Kg4 Kc8 47.
Kf5 Kd7 48. Ke4 Bf2 49. Kf3 Bc5 50. Be5 g5 0-1

[Event "SR 3. liga A2 2017/2018"]
[Site "?"]
[Date "2018.01.21"]
[Round "8.6"]
[White "Kir, Kvetoslav"]
[Black "Zlamal, Marek"]
[Result "0-1"]
[WhiteElo "1776"]
[BlackElo "1835"]
[PlyCount "74"]
[EventDate "2017.??.??"]

1. d4 d5 2. c4 e6 3. Nc3 Nf6 4. Nf3 h6 5. e3 Be7 6. Bd3 O-O 7. O-O c6 8. b3
Nbd7 9. Bb2 a6 10. Rc1 Nh7 11. Ne5 Nxe5 12. dxe5 f6 13. Qc2 Ng5 14. Ne2 Nf7 15.
Nf4 f5 16. g4 Ng5 17. f3 Bc5 18. Bd4 Bxd4 19. exd4 fxg4 20. fxg4 Rxf4 21. Rxf4
Nh3+ 22. Kh1 Nxf4 23. Bh7+ Kh8 24. Rf1 g5 25. Bd3 dxc4 26. bxc4 Qxd4 27. Be4
Qxe5 28. Rd1 Qc7 29. Qc3+ e5 30. c5 Bxg4 31. Rd6 Be6 32. Qxe5+ Qg7 33. Rxe6
Nxe6 34. Qxe6 Rf8 35. Kg2 Qb2+ 36. Kg3 Qf2+ 37. Kh3 Qh4+ 0-1